01408nam a2200265 a 4500001001000000005001700010041000800027044000700035084002000042100004500062245020700107260003700314300003300351500019400384500020300578500001100781546002400792650005200816650005600868650003400924650004500958700004701003700004201050740005001092BRCA_343820190320204301.0 aita ait a727b.T79c18321 aCervantes Saavedra, Miguel ded1547-161610aVita e Avventure di Don Chisciotte della Manciacdi M. Cervantes Saavedra ; Traduzione di Lorenzo Franciosini nuovamente riscontrata col testo spagnolo e reintegrata per cura e studio di Luigi Toccagni. aMilánbG. Truffi e Comp.c1832 a4 v. en 8 tomosbil.c15 cm. aContenido : v.1. Primera parte. Advertencia de L. Toccagni. Prólogo del autor. -- v.2. Primera parte. Final. Texto. -- v.3. Segunda parte. Prólogo del autor. Segunda parte. Final. Texto aTraducción de Franciosini revisada y modernizada por L. Toccagni. Va ilustrada con láminas de Lanzani que dejan mucho que desear. Semipiel; lomeras decoradas con filetes dorados Lúdovik Osterc aQM6(?) aTexto en : italiano14aNovela españolayÉpoca clásica, 1500-170014aLiteratura españolayÉpoca clásica, 1500-170014aNovela españolaySiglo XVII14aDon Quijote (Personaje ficticio)eNovela1 aFranciosini Fiorentino, LorenzoeTraductor1 aToccagni, Luigid1788-1853eTraductor0 aEl Ingenioso Hidalgo Don Quijote de la Mancha